The mersey sound
Gespeichert in:
| Hauptverfasser: | , , |
|---|---|
| Format: | Buch |
| Sprache: | Englisch |
| Veröffentlicht: |
Baltimore
Penguin Books
1967
|
| Schriftenreihe: | Penguin Modern Poets, 10
|
| Schlagworte: | |
| Tags: |
Tag hinzufügen
Keine Tags, Fügen Sie den ersten Tag hinzu!
|
MARC
| LEADER | 00000nam a2200000 a 4500 | ||
|---|---|---|---|
| 001 | UCS4862 | ||
| 003 | CL-VaPUC | ||
| 008 | 970814e19670000US |||||||||||||||||eng|d | ||
| 082 | 0 | 4 | |a 821.09 |b HEN |2 21 |
| 100 | 0 | |a Henri, Adrian |e author |9 390660 | |
| 700 | 0 | |a McGough, Roger |e author |9 390661 | |
| 700 | 0 | |a Patten, Brian |e author |9 390662 | |
| 245 | 1 | 4 | |a The mersey sound |
| 300 | |a 126 p | ||
| 942 | |c BK | ||
| 945 | |d 19970814 00:00:00 |a jquezada | ||
| 260 | |a Baltimore |b Penguin Books |c 1967 | ||
| 650 | 0 | |a Poesía inglesa |9 264944 | |
| 650 | 0 | |a Literatura inglesa |9 312907 | |
| 650 | 0 | |a Crítica e interpretación |9 255042 | |
| 583 | |a last modification |c 19970814 00:00:00 |k Rodrigo Vera | ||
| 490 | 0 | |a Penguin Modern Poets, 10 | |
| 999 | |c 261645 |d 261643 | ||
| 952 | |0 0 |1 0 |4 0 |6 821_090000000000000_HEN_1967 |7 0 |8 A |9 289344 |a BIBART |b BIBART |d 2019-11-19 |i 3281302 |l 2 |o 821.09 HEN 1967 |p 3281302 |r 2025-03-13 |s 2022-08-30 |w 2019-11-19 |y BK |k ART | ||